000 00636nam a2200241 i 4500
001 6286
003 ES-MaACL
005 20230906144851.0
007 t|
008 890920s1985 fr |||| | fre d
020 _a2-07-070343-6
080 _a165.63
100 1 _aJanicaud, Dominique.
_966020
245 1 3 _aLa puissance du rationnel /
_cDominique Janicaud.
260 _aParis :
_bGallimard,
_c[1985]
300 _a386 p. ;
_c23 cm.
490 1 _aBibliothèque des idées
500 _aÍndice.
650 0 4 _aPoder.
_916144
830 0 _aBibliothèque des idées
_9177378
852 _aES-MaACL
_jL-13459
999 _c6286
_d6286